COLLEGE ALGEBRA AND TRIGONOMETRY: (Record no. 3811)

MARC details
000 -LEADER
fixed length control field 00310nam a22001097a 4500
008 - FIXED-LENGTH DATA ELEMENTS--GENERAL INFORMATION
fixed length control field 151027b xxu||||| |||| 00| 0 eng d
020 ## - INTERNATIONAL STANDARD BOOK NUMBER
International Standard Book Number 0895170019
082 ## -
Classification number 512 .5 JOH
100 ## - MAIN ENTRY--PERSONAL NAME
Personal name JOHNSTON C.L.
245 ## - TITLE STATEMENT
Title COLLEGE ALGEBRA AND TRIGONOMETRY:
260 ## - PUBLICATION, DISTRIBUTION, ETC. (IMPRINT)
Place of publication, distribution, etc. SAN FRANCISCO,
Name of publisher, distributor, etc. DELLEN PUBLISHING COMPANY:
Date of publication, distribution, etc. 1978.
Holdings
Withdrawn status Lost status Source of classification or shelving scheme Damaged status Koha normalized classification for sorting Not for loan Home library Current library Shelving location Date acquired Total Checkouts Full call number Barcode Date last seen Price effective from Koha item type
    Dewey Decimal Classification   512_000000000000000__5_JOH   Dodoma Dodoma Ground Floor 27/10/2015   512 .5 JOH 000000007480 29/07/2019 27/10/2015 BOOKS

IRDP © 2021 :: Managed by ICT Team